Türkiye'de siyasi buhran'ın kaynakları/ (Record no. 7679)
| 000 -BAŞLIK | |
|---|---|
| Sabit Uzunluktaki Kontrol Alanı | 01889nam a22003497a 4500 |
| 001 - KONTROL NUMARASI | |
| Control Dosyası | 0007702 |
| 003 - KONTROL NUMARASI KİMLİĞİ | |
| Kontrol Alanı | KOHA_MİRAKIL |
| 005 - EN SON İŞLEM TARİHİ ve ZAMANI | |
| Kontrol Alanı | 20260207001607.0 |
| 007 - FİZİKSEL TANIM SABİT ALAN - GENEL BİLGİ | |
| Sabit uzunluklu kontrol alanı | ta |
| 008 - SABİT UZUNLUKTAKİ VERİ ÖGELERİ - GENEL BİLGİ | |
| Sabit Alan | 091001b2005 tu |||gr||||#||||0|tur | |
| 020 ## - ISBN - ULUSLARARASI STANDART KİTAP NUMARASI | |
| Isbn | 9754375275 |
| 040 ## - KATALOGLAMA KAYNAĞI | |
| Özgün Kataloglama Kurumu | TR-BiSEU |
| Kataloglama Dili | tur |
| Çeviri Kurumu | TR-BiSEU |
| Açıklama Kuralları | rda |
| 041 0# - DİL KODU | |
| Metin ya da ses kaydının dil kodu | tur |
| 044 ## - YAYINLAYAN/ÜRETEN KURULUŞUN ÜLKE KODU | |
| ISO country code | tu |
| 050 ## - SINIFLAMA ve YER NUMARASI | |
| Sınıflama Numarası | JQ1805.T87 |
| Yer Numarası | T87 2005 |
| 100 1# - KİŞİ ADI | |
| Yazar Adı (Kişi adı) | Turan, Osman. |
| 245 1# - ESER ADI BİLDİRİMİ | |
| Başlık | Türkiye'de siyasi buhran'ın kaynakları/ |
| Sorumluluk Bildirimi | Osman Turan ; Osman Turan. |
| 264 #1 - ÜRERİM, YAYIN, DAĞITIM ve TELİF BİLDİRİMİ | |
| Yayın yeri | İstanbul : |
| Yayınlayan | Ötüken |
| Yayın tarihi | 2005 |
| 300 ## - FİZİKSEL TANIMLAMA | |
| Sayfa, Cilt vb. | 227 sayfa; 23 cm. |
| 336 ## - İÇERİK TÜRÜ | |
| Content type term | metin |
| Content type code | txt |
| Source | rdacontent |
| 337 ## - MEDYA TÜRÜ | |
| Media type term | aracısız |
| Media type code | n |
| Source | rdamedia |
| 338 ## - TAŞIYICI TÜRÜ | |
| Carrier type term | cilt |
| Carrier type code | nc |
| Source | rdacarrier |
| 490 1# - DİZİ BİLDİRİMİ | |
| Dizi Bildirimi | Yayın ; |
| Cilt Numarası | nu. |
| 490 1# - DİZİ BİLDİRİMİ | |
| Dizi Bildirimi | 607. |
| 490 1# - DİZİ BİLDİRİMİ | |
| Dizi Bildirimi | Kültür Serisi ; |
| Cilt Numarası | 280. |
| 505 ## - İÇİNDEKİLER NOTU | |
| İçindekiler Notu | "Türkiye'de tahsil müesseseleri, maarif teşkilâtı ve üniversiteler ilim, kültür, ahlâk ve mefkûresi sağlam, seçkin ve aydın bir nesil yetiştirmedikçe milletimizin rehbersiz kalması, manevî ve siyasî buhranlara düşmesi mukadderdir. Türk cemiyeti ilericilik zan ve iddiaları ile ilmî, millî ve insanî esaslara aykırı olarak öyle tersine zorlanmıştır ki, bu durumda manevî bir buhranın doğması ve siyasî nizamın bozulması kaçınılmazdı. Aslında medeniyet tarihi ve sosyolojinin gösterdiği üzere her yabancı kültür tesiri veya iktibasının cemiyet bünyesi üzerinde bir takım sarsıntılar yaratması tabiîdir. Eğer bu tesirler normal iktisadî ve kültürel münasebetlerle birlikte ve tedricî bir şekilde vuku bulursa, mevcut millî unsurlar üzerinde bir aşı vazifesini görür ve bu sayede cemiyet yeni bir medeniyet sentezi istikametinde hayatiyet kazanarak yükselir." |
| 650 #0 - KONU BAŞLIĞI EK GİRİŞ - KONU TERİMİ | |
| Konusal terim veya coğrafi ad | Turkey--Politics And Government. |
| 9 (RLIN) | 18515 |
| 830 1# - SERİ EK GİRİŞİ - TEKBİÇİM ESER ADI | |
| Tekbiçim Başlık | Yayın ; |
| Volume number/sequential designation | nu. |
| 9 (RLIN) | 1557 |
| 830 1# - SERİ EK GİRİŞİ - TEKBİÇİM ESER ADI | |
| Tekbiçim Başlık | 607. |
| 9 (RLIN) | 19123 |
| 830 1# - SERİ EK GİRİŞİ - TEKBİÇİM ESER ADI | |
| Tekbiçim Başlık | Kültür Serisi ; |
| Volume number/sequential designation | 280. |
| 9 (RLIN) | 6554 |
| 942 ## - EK GİRİŞ ÖGELERİ (KOHA) | |
| Source of classification or shelving scheme | Library of Congress Classification |
| Koha item type | Book |
| Materyal Türü | Kalıcı Konum | Mevcut Konum | Raf Yeri | Sınıflandırma Kaynağı | Edinim Bilgisi | Ana Konular | Alt Konular | Yer Numarası | Demirbaş Numarası | Fatura Tarihi | Maliyet, Alış Fiyatı | Maliyet, Yenileme Fiyatı | Geri Çekilme Durumu | Kayıp Durumu | Hasarlı Durumu | Kredi için değil | Kayıt Tarih | Toplam Ödünçverme | Son Görülme Tarihi | Son Kontrol Tarihi | Genel / Bağış Notu |
|---|---|---|---|---|---|---|---|---|---|---|---|---|---|---|---|---|---|---|---|---|---|
| Book | Prof. Dr. Azmi Özcan Kütüphanesi | Prof. Dr. Azmi Özcan Kütüphanesi | Uluğbey Salonu | Library of Congress Classification | Bağış | SİYASET BİLİMİ | Siyasi Kurumlar ve Kamu Yönetimi (Asya, Afrika, Okyanusya vb.) | JQ1805.T87 T87 2005 | 0007702 | 13/08/2010 | 10.00 | 10.00 | 01/10/2009 | 6 | 05/12/2024 | 05/12/2024 | Ötüken Yayınevi |
